[Event "SLO-ch U14 Girls"]
[Site "Ptuj"]
[Date "2017.02.26"]
[Round "2"]
[White "Siraj, Vita"]
[Black "Mazzini, Katarina"]
[Result "0-1"]
[WhiteElo "1372"]
[BlackElo "1637"]
[PlyCount "62"]
[EventDate "2017.02.25"]
[EventType "swiss"]
[EventRounds "9"]
[EventCountry "SLO"]
[SourceTitle "CBM 177 Extra"]
[Source "ChessBase"]
[SourceDate "2017.04.27"]
[SourceVersion "1"]
[SourceVersionDate "2017.04.27"]
[SourceQuality "1"]

1. d4 Nf6 2. Nf3 d5 3. Bf4 Bf5 4. e3 e6 5. c4 c6 6. Nc3 Be7 7. cxd5 exd5 8. Bd3 Bg6 9. 0-0 Nbd7 10. Rc1 0-0 11. Ne5 Nxe5 12. Bxe5 Bd6 13. f4 Bh5 14. Qe1 Ne8 15. Bf5 f6 16. Bxd6 Nxd6 17. Bd3 f5 18. Ne2 Re8 19. Ng3 Bg6 20. Rf3 Qf6 21. Qa5 h5 22. Ne2 h4 23. Qe1 Bh5 24. Rh3 Bg4 25. Rxh4 Rxe3 26. g3 Rxd3 27. h3 Bxe2 28. Qxe2 Rxg3+ 29. Kh2 Qxh4 30. Qe6+ Kh8 31. Qxd6 Qxh3# 0-1

[Event "Topusko op 5th"]
[Site "Topusko"]
[Date "2016.08.10"]
[Round "6"]
[White "Zelic, Marina"]
[Black "Siraj, Vita"]
[Result "1-0"]
[WhiteElo "1759"]
[BlackElo "1340"]
[PlyCount "129"]
[EventDate "2016.08.06"]
[EventType "swiss"]
[EventRounds "9"]
[EventCountry "CRO"]
[SourceTitle "CBM 173 Extra"]
[Source "ChessBase"]
[SourceDate "2016.08.29"]
[SourceVersion "1"]
[SourceVersionDate "2016.08.29"]
[SourceQuality "1"]

1. e4 e5 2. Nf3 Nc6 3. Bb5 Nf6 4. d3 Bc5 5. 0-0 d6 6. c3 0-0 7. h3 Be6 8. Re1 Nd7 9. d4 exd4 10. cxd4 Bb4 11. Nc3 Bxc3 12. bxc3 d5 13. Ng5 h6 14. Nxe6 fxe6 15. Qg4 Nf6 16. Qxe6+ Kh8 17. e5 Ne4 18. Bxc6 bxc6 19. Qxc6 Qh4 20. Be3 Rad8 21. Rf1 Rf5 22. Qg6 Rdf8 23. Qg4 Qe7 24. Rac1 h5 25. Qd1 Qh4 26. Qe1 Ng5 27. Bxg5 Rxg5 28. Qe3 Rf4 29. Rb1 Rg6 30. Rb8+ Kh7 31. Qd3 Qg5 32. Qg3 Qf5 33. Qe3 Re4 34. Qd2 Qxh3 35. f4 Re3 36. Rf2 Rd3 37. Qc2 Rxc3 38. Rh8+ Kxh8 39. Qxg6 Rg3 40. Qc2 Qg4 41. Qe2 Qg6 42. f5 Qg5 43. Rf1 h4 44. Rf3 Qh5 45. Qf2 Rg4 46. f6 Kg8 47. f7+ Kf8 48. e6 h3 49. e7+ Kxe7 50. f8Q+ Ke6 51. Re3+ Re4 52. Rxe4+ dxe4 53. Qg8+ Kd6 54. Qff8+ Kc6 55. Qe8+ Qxe8 56. Qxe8+ Kd5 57. Qe5+ Kc4 58. Qxe4 hxg2 59. Kxg2 g5 60. Kf2 g4 61. Ke2 g3 62. Ke3 g2 63. Qxg2 c5 64. Qg8+ Kc3 65. Qb3# 1-0